000 00673nam a2200265Ia 4500
005 20260121172042.0
008 008 260114s9999 xx 000 0 eng d
020 _a9783030451608
037 _aEBOOK
040 _aCRL
040 _beng
040 _cCRL
041 _2eng
041 _aeng
084 _qCRL
100 _aAdele Bardazzi, Alberica Bazzoni
_91083681
245 0 _aGender and Authority across Disciplines, Space and Time
260 _bSpringer
260 _bSpringer
260 _c2020
856 _uhttps://link.springer.com/openurl?genre=book&isbn=978-3-030-45160-8
942 _cEBOOK
999 _c1649415
_d1649415